000 00926nam a2200253 i 4500
001 175536
003 ES-MaACL
005 20250905150403.0
007 t|
008 101104s1963 sp r ||||1| spa d
080 _a821.134.2 Ruiz, Juan, Arcipreste de Hita
100 1 _aRuiz, Juan
_c, Arcipreste de Hita.
_9100615
245 1 3 _aEl Arcipreste de Hita :
_bestudio y antología /
_cpor Federico Torres.
260 _aMadrid :
_bCompañía Bibliográfica Española,
_c1963.
300 _a174 p. ;
_c19 cm.
490 1 _aUn autor en un libro ;
_v7
504 _aBibliografía: p. 173-174.
600 1 4 _aRuiz, Juan
_cArcipreste de Hita-
_xCrítica e interpretación.
_9143836
700 1 _aTorres, Federico,
_d1907-1997
_9110889
710 2 _aCompañía Bibliográfica Española.
_9171207
830 1 _aUn autor en un libro ;
_v7
_9182717
852 _aES-MaACL
_jE-13433
_xOlim P-651-bis
999 _c175536
_d175536